|
|
|
|
| LEADER |
01535nam a2200373 a 4500 |
| 001 |
EBC1039311 |
| 003 |
MiAaPQ |
| 005 |
20200520144314.0 |
| 006 |
m o d | |
| 007 |
cr cn||||||||| |
| 008 |
121018t20131984enkabd sb 001 0 eng d |
| 020 |
|
|
|z 9780415540346
|
| 020 |
|
|
|a 9780203103753 (electronic bk.)
|
| 035 |
|
|
|a (MiAaPQ)EBC1039311
|
| 035 |
|
|
|a (Au-PeEL)EBL1039311
|
| 035 |
|
|
|a (CaPaEBR)ebr10611718
|
| 035 |
|
|
|a (CaONFJC)MIL395578
|
| 035 |
|
|
|a (OCoLC)818817025
|
| 040 |
|
|
|a MiAaPQ
|c MiAaPQ
|d MiAaPQ
|
| 043 |
|
|
|a e-uk---
|
| 050 |
|
4 |
|a HF5429.28.G7
|b D38 2013
|
| 100 |
1 |
|
|a Davies, Ross L.
|
| 245 |
1 |
0 |
|a Retail and commercial planning
|h [electronic resource] /
|c Ross L. Davies.
|
| 260 |
|
|
|a London :
|b Routledge,
|c 2013, c1984.
|
| 300 |
|
|
|a xiv, 349 p. :
|b ill., maps.
|
| 490 |
0 |
|
|a Routledge library editions : retailing and distribution ;
|v v. 5
|
| 504 |
|
|
|a Includes bibliographical references and indexes.
|
| 505 |
0 |
|
|a pt. I. The basis to retail and commercial planning -- pt. II. The subjects of general management plan -- pt. III. Specific problems and specific plans.
|
| 533 |
|
|
|a Electronic reproduction. Ann Arbor, MI : ProQuest, 2015. Available via World Wide Web. Access may be limited to ProQuest affiliated libraries.
|
| 650 |
|
0 |
|a Store location
|z Great Britain
|x Planning.
|
| 650 |
|
0 |
|a Retail trade
|z Great Britain
|x Planning.
|
| 655 |
|
4 |
|a Electronic books.
|
| 710 |
2 |
|
|a ProQuest (Firm)
|
| 856 |
4 |
0 |
|u https://ebookcentral.proquest.com/lib/matrademy/detail.action?docID=1039311
|z Click to View
|